000 00752cam a22001814a 4500
005 20250605163350.0
008 250528s ||||||||||||||||||||||||d
035 _a17672
020 _a9786185112196
040 _aGR-AtMCL
_bgre
_dGR-AtMCL
_eAACR2
245 1 _aΚαλύτερα free online games / Δωρεάν Παιχνίδια για PC, Τι αξίζει στο Facebook, Retro Games
260 _bDigerati,
_c2014
300 _a98
520 _aΜε τι μπορώ να διασκεδάσω και που θα βρω τα καλύτερα παιχνίδια. Τα Καλύτερα Facebook Games, Τα Καλύτερα για τον Πλοηγό μας, Τα Μεγάλα Online Games.
942 _cBK
999 _c3074
_d3074